|
|
|
|
| LEADER |
00000nam0a2200000 4500 |
| 001 |
108360 |
| 005 |
20231101214807.0 |
| 010 |
|
|
|a 5741803016
|
| 035 |
|
|
|a (RuTPU)RU\TPU\book\116983
|
| 090 |
|
|
|a 108360
|
| 100 |
|
|
|a 20070119d2004 m y0rusy50 ca
|
| 101 |
0 |
|
|a rus
|
| 102 |
|
|
|a RU
|
| 105 |
|
|
|a a j 001zy
|
| 200 |
1 |
|
|a Механическое разрушение горных пород
|e учебное пособие
|f Г. Г. Каркашадзе
|
| 210 |
|
|
|a Москва
|c Изд-во МГГУ
|d 2004
|
| 215 |
|
|
|a 222 с.
|c ил.
|
| 225 |
1 |
|
|a Высшее горное образование
|
| 320 |
|
|
|a Библиогр.: с. 216-218.
|
| 330 |
|
|
|a Рассмотрены особенности деформирования и разрушения горных пород. Приведены критерии прочности. Изложены основы механики рассеянных повреждений, линейной механики разрушения и механизма роста трещин. Описаны основные эффекты процессов разрушения. Даны решения прикладных задач разрушения горных пород с применением критериев прочности, описания лабораторных работ по определению прочностных свойств пород. Для студентов высших учебных заведений, обучающихся по специальности «Физические процессы горного или нефтегазового производства» направления подготовки дипломированных специалистов «Горное дело». Может быть полезна аспирантам и преподавателям горных вузов и факультетов.
|
| 606 |
1 |
|
|a Горные породы
|x Разрушение
|x Физический способ
|2 stltpush
|3 (RuTPU)RU\TPU\subj\8038
|9 35532
|
| 610 |
1 |
|
|a горное дело
|
| 610 |
1 |
|
|a петрографические характеристики
|
| 610 |
1 |
|
|a прочностные характеристики
|
| 610 |
1 |
|
|a твердые тела
|
| 610 |
1 |
|
|a идеальные кристаллы
|
| 610 |
1 |
|
|a теоретическая прочность
|
| 610 |
1 |
|
|a пластичность
|
| 610 |
1 |
|
|a критерии
|
| 610 |
1 |
|
|a механика
|
| 610 |
1 |
|
|a линейная механика
|
| 610 |
1 |
|
|a эффекты
|
| 610 |
1 |
|
|a теория
|
| 610 |
1 |
|
|a лабораторные работы
|
| 610 |
1 |
|
|a учебные пособия
|
| 675 |
|
|
|a 622.236.2(075.8)
|v 3
|
| 700 |
|
1 |
|a Каркашадзе
|b Г. Г.
|g Гиоргий Григолович
|
| 801 |
|
1 |
|a RU
|b 63413507
|c 20070119
|g PSBO
|
| 801 |
|
2 |
|a RU
|b 63413507
|c 20150723
|g PSBO
|
| 900 |
|
|
|a Механика горных пород и грунтов
|
| 900 |
|
|
|a Механика горных пород
|
| 900 |
|
|
|a Горное дело
|
| 900 |
|
|
|a Разрушение горных пород
|
| 900 |
|
|
|a Физика разрушения горных пород
|
| 942 |
|
|
|c BK
|
| 952 |
|
|
|b 130401
|b 130400
|
| 959 |
|
|
|a 1/20070112
|d 1
|e 270,00
|f ЧЗТЛ:1
|
| 959 |
|
|
|a 56/20090428
|d 5
|e 540,00
|f УФ:5
|